South Eastern Kenya University

Library Online Public Access Catalogue


Shake down the stars / (Record no. 10644)

MARC details
000 -LEADER
fixed length control field 00415pam a2200145 a 4500
020 ## - ISBN
International Standard Book Number 0312018193 :
Terms of availability $18.95
050 00 - LIBRARY OF CONGRESS CALL NUMBER
Classification Number PR6054.O52
Item Number S5 1988
100 1# - MAIN ENTRY--Author
Personal name Donnelly, Frances.
245 10 - TITLE
Title Shake down the stars /
Statement of responsibility, etc Frances Donnelly.
250 ## - EDITIONSTATEMENT
Edition statement 1st U.S. ed.
260 ## - PUBLICATION, DISTRIBUTION, ETC.(IMPRINT)
Place of publication, distribution, etc New York :
Name of publisher, distributor, etc St. Martin's Press,
Date of publication, distribution, etc c1988.
300 ## - PHYSICAL DESCRIPTION
Extent 505 p. ;
650 ## - SUBJECT--TOPIC
General subdivision World War--(1939-1945) ;
-- English fiction.
942 ## - ADDED ENTRY ELEMENTS(KOHA)
Source of classification or shelving scheme Library of Congress Classification
Koha item type General circulation
Holdings
Source of classification or shelving scheme Not for loan Location (home branch) Sublocation (holding branch) Shelving location Date accessioned Cost, normal purchase price Full call number Barcode Cost, replacement price Nonpublic note Koha item type Public note
Library of Congress Classification   Mtito Andei Centre Library Mtito Andei Centre Library   09/02/2016 1304.00 PR6054.O52 S5 1988 2015/009256 1434.00 Nzk General circulation Nzk
Kitui, Kenya.
+254736116989
library@seku.ac.ke